Vyhliadka a vinárstvo, Pezinok

Salvato in:
Dettagli Bibliografici
Autore principale: Geralská, Zuzana (Autore)
Altri autori: Šebo, Tomáš (Relatore della tesi)
Natura: Manoscritto Libro
Lingua:slovacco
Pubblicazione: 2024
Soggetti:
Accesso online:http://is.stuba.sk/zp/portal_zp.pl?podrobnosti=161736
Tags: Aggiungi Tag
Nessun Tag, puoi essere il primo ad aggiungerne!!

MARC

LEADER 00000ntm a22000003a 4500
001 stuzp98845
003 SK-STU
005 20240615211238.6
007 ta
008 150427s2015----xo-----f-mn---000-0-slo-d
040 |a STU  |b slo 
041 0 |a slo 
100 1 |a Geralská, Zuzana  |u 058180  |4 aut  |U FAD Fakulta architektúry a dizajnu  |T FAD Ústav architektúry občianskych budov  |X 110007  |U A8180  |Y 399  |7 110007 
242 0 1 |a Lookout Point and Winery, Pezinok  |y eng 
245 1 0 |a Vyhliadka a vinárstvo, Pezinok 
260 |c 2024 
650 4 |a Vinárstvo  |2 slo 
650 4 |a Vyhliadka  |2 slo 
650 4 |a Pezinok  |2 slo 
650 4 |a Múzeum  |2 slo 
650 4 |a Museum  |2 eng 
650 4 |a Winery  |2 eng 
650 4 |a Lookout  |2 eng 
650 4 |a Pezinok  |2 eng 
700 1 |a Šebo, Tomáš  |4 ths  |X 79065  |7 79065 
856 4 |u http://is.stuba.sk/zp/portal_zp.pl?podrobnosti=161736